000
00189 a2200097 4500
020
_a
9780765302304
041
_a
eng
100
_a
Jordan, Robert
245
_a
The gathering storm
942
_c
BK
999
_c
9394
_d
9394